000 00653nam a2200301Ia 4500
005 20260401122420.0
008 008 250103s9999 xx 000 0 eng d
020 _a9780140441925
037 _aTB
040 _aEDL
040 _beng
040 _cEDL
041 _2eng
041 _aeng
084 _a395 CAS
084 _qEDL
100 _aCastiglione, Baldesar
_91233544
245 0 _aBook of the Courtier
245 0 _cCastiglione, Baldesar
260 _aLondon
260 _bPenguin book
260 _c1967
300 _a367p
942 _cTB
942 _h395 CAS
999 _c1847124
_d1847124